Crime in developing countries. (Record no. 178894)
[ view plain ]
| 000 -LEADER | |
|---|---|
| fixed length control field | 00575cam2a220021700 4500 |
| 001 - CONTROL NUMBER | |
| control field | zam00003783 |
| 008 - FIXED-LENGTH DATA ELEMENTS--GENERAL INFORMATION | |
| fixed length control field | 951128s1973 xx eng u |
| 035 ## - SYSTEM CONTROL NUMBER | |
| System control number | (Sirsi) r21101 |
| 035 ## - SYSTEM CONTROL NUMBER | |
| System control number | (MACHINE)SLC |
| 100 ## - MAIN ENTRY--PERSONAL NAME | |
| Personal name | Clinard, M. B. |
| Linkage | A82749.1 |
| 245 10 - TITLE STATEMENT | |
| Title | Crime in developing countries. |
| 260 ## - PUBLICATION, DISTRIBUTION, ETC. | |
| Date of publication, distribution, etc. | 1973. |
| 591 ## - | |
| -- | Class code: S925. |
| 591 ## - | |
| -- | Course: Criminology. |
| 591 ## - | |
| -- | School: S05. |
| 591 ## - | |
| -- | Lecturer: Mrs. Singh, M. |
| 591 ## - | |
| -- | Number of Students: 47. |
| 949 ## - LOCAL PROCESSING INFORMATION (OCLC) | |
| a | HV 6030 |
| w | lcc |
| m | MAIN |
| t | BOOK |
| l | ON-SHELF |
| 909 ## - | |
| -- | Book |
No items available.